000 00728cab a22001695a 4500
001 L159000
008 150717e2015 xxk 000 0 eng d
035 _a(Sirsi) u159000
041 0 _aeng
100 1 _aSchunmann, Damon
245 0 0 _aChanging perceptions
_bClosing the skill gap
_bsupplement
490 _aConstruction news
_v(7425) 27 November 2015
520 _aAims to ramp up the skills agenda by providing practical guidance and best practice from pioneering enterprises that have proven their effectiveness. At the same time, it examines the reformative diversity and inclusion issues that are a crucial part of efforts to tackle the skills gap.
651 4 _aUnited Kingdom
_y
690 _aCONSTRUCTION
942 _n0
999 _c84763
_d84763